01088nam a2200241 a 450000100080000000500110000800800410001910000240006024501090008426000480019330000100024149000430025152003650029465300130065965300720067265300200074465300130076465300190077765300120079665300190080865300100082765300090083710896042013-06-07 2012 bl uuuu u0uu1 u #d1 aPROTAS, J. F. da S. aA marca coletiva como estrat??gia organizacionalbo caso dos vinhos finos de altitude de Santa Catarina. aBento Gon??alves: Embrapa Uva e Vinhoc2012 a18 p. a(Embrapa Uva e Vinho. Documentos, 77). aBases referenciais do programa. Estrutura das normativas do programa: Regulamento da Marca Coletiva ACAVITIS (MCA); Norma de procedimentos para obten????o da MCA; Norma de procedimentos de cortes e vinhos da MCA de diferentes safras; Norma de procedimentos da avalia????o sensorial dos vinhos da MCA; Declara????o de produtos elaborados para obten????o da MCA. aACAVITIS aAssocia????o Catarinense dos Produtores de Vinhos Finos de Altitude aCompetitividade aEnologia aMarca coletiva aMercado aSanta Catarina aVinho aWine